000
00313 a2200121 4500
001
153395
040
_c
Escola São Tomás de Aquino
100
_a
MANUEL FILHO
240
1
0
_a
Tinha que ser comigo?
_l
por
245
1
0
_a
Tinha que ser comigo?
697
_a
Problemas de disciplina. Violência estudantil
942
_c
BK
999
_c
153395
_d
153395